000 00748nam a2200253Ia 4500
003 OSt
005 20220918170029.0
006 a|||||r|||| 00| 0
007 ta
008 220917b |||||||| |||| 00| 0 eng d
020 _a8187096292 (pbk)
_c25
024 _a265,963
037 _b049, 30/03/2012, Sindhi Academy,Delhi
_cTextual
040 _aARTS
_cARTS
_beng
041 _2eng
_aeng
082 _aO1593,1N24x, N9
100 _aShaad Arjun
_926709
245 0 _aDharatia jo dard
260 _aDelhi
_bSindhi Academy India
_c1999
300 _a142p.
_ccm.
650 _aLiterature Sindhi
_926710
942 _hO1593,1N24x, N9
_cTEXL
_2CC
999 _c132295
_d132295